000 00667nam a2200289Ia 4500
005 20260324122751.0
008 008 260324s9999 xx 000 0 eng d
020 _a9780240824130
037 _aEBOOK
040 _aCRL
040 _beng
040 _cCRL
041 _2eng
041 _aeng
084 _qCRL
100 _aSarah Gardner
_91167734
245 0 _aArt Beyond the Lens
245 0 _bWorking with Digital Textures
260 _bTaylor and Francis
260 _c2012
365 _a
365 _b300
856 _uhttp://www.taylorfrancis.com/books/9780240824130
942 _cEBOOK
999 _c1760717
_d1760717